000 01142nam a22002537a 4500
999 _c2646
_d2646
003 AR-CdUCM
008 190305b ||||| |||| 00| 0 spa d
020 _a958-16-0104-x
040 _aMUNICIPALIDAD PROVINCIAL DEL CUSCO
_cBIBLIOTECA MUNICIPAL DEL CUSCO
041 _heng
082 _a818.5 /
_bH16
100 _aHailey, Arthur
_9182
245 _aTraficantes de dinero /
260 _aColombia :
_bLa Montaña Mágica,
_c1986
300 _a392 páginas ;
_c19 cm.
440 _aNovelas de suspenso
_n4
_99301
500 _aTítulo Original : The moneychangers Traficantes de dinero, que ha sido reconocida como la mejor novela de Hailey, tiene por tema central a vida de un gran banco. El autor reconstruye con exactitud el funcionamiento de la enorme organización y revela aspectos poco conocidos del mundo de las finanzas: la vida de los ejecutivos, la lucha por el poder que da el dinero, la ambición y la intriga.
650 _a literatura de los Estados Unidos
_99302
650 _aNovela de Suspenso
_99303
650 _aSiglo XX
_98
700 _aCantó, Estela (Traductora)
_99304
942 _2ddc
_cLIBROS
945 _araen